[Event "GER MS-248 email"]
[Site "GER email"]
[Date "2016.10.17"]
[Round "?"]
[White "Borchert, Stephan"]
[Black "Lukas, Norbert"]
[Result "1/2-1/2"]
[WhiteElo "1962"]
[BlackElo "1971"]
[PlyCount "40"]
[EventDate "2016.10.24"]
[EventType "tourn (corr)"]
[EventRounds "6"]
[EventCountry "GER"]
[SourceTitle "Corr 2020"]
[Source "ChessBase"]
[SourceDate "2019.09.30"]
[SourceVersion "1"]
[SourceVersionDate "2019.09.30"]
[SourceQuality "1"]

1. e4 e6 2. d4 d5 3. Nc3 Bb4 4. e5 c5 5. a3 Bxc3+ 6. bxc3 Ne7 7. a4 Qa5 8. Qd2 Nbc6 9. Bb5 Bd7 10. Nf3 Nxe5 11. Nxe5 Bxb5 12. Ba3 Ba6 13. Bxc5 f6 14. Nd3 Kf7 15. 0-0 Rhe8 16. Rfb1 Qc7 17. a5 Nc6 18. Nb4 Bc4 19. Nxc6 Qxc6 20. f4 Kg8 1/2-1/2

[Event "Solingen Karneval op"]
[Site "Solingen"]
[Date "2016.02.07"]
[Round "4"]
[White "Spradley, Julian"]
[Black "Borchert, Stephan"]
[Result "1/2-1/2"]
[WhiteElo "1744"]
[BlackElo "1956"]
[PlyCount "109"]
[EventDate "2016.02.05"]
[EventType "swiss"]
[EventRounds "5"]
[EventCountry "GER"]
[SourceTitle "EXT 2018"]
[Source "ChessBase"]
[SourceDate "2017.10.13"]
[SourceVersion "1"]
[SourceVersionDate "2017.10.13"]
[SourceQuality "1"]

1. d4 Nf6 2. Bg5 d5 3. Bxf6 exf6 4. e3 Be6 5. g3 Bd6 6. Bg2 0-0 7. Ne2 c6 8. Nd2 f5 9. 0-0 Nd7 10. b3 Nf6 11. c4 Ne4 12. c5 Bc7 13. Nb1 a5 14. Nbc3 Qe7 15. Qd3 Bd7 16. Na4 Ra6 17. Rfc1 Re8 18. Re1 Qf6 19. Nc1 Qh6 20. Qd1 Ng5 21. Nd3 f6 22. Nf4 Ne4 23. f3 Ng5 24. h4 Nf7 25. Kf2 Re7 26. Nd3 g5 27. hxg5 fxg5 28. f4 Qg7 29. Ne5 Be8 30. Bf1 Ra8 31. Bd3 Nh6 32. Rh1 Bxe5 33. fxe5 Ng4+ 34. Ke2 Bg6 35. Qc2 Rf8 36. Raf1 Ref7 37. Nc3 f4 38. gxf4 gxf4 39. Bxg6 Qxg6 40. Qxg6+ hxg6 41. Rxf4 Rxf4 42. exf4 Rxf4 43. Rf1 Rxf1 44. Kxf1 Kf7 45. Ke2 Ke6 46. a3 Nh6 47. b4 axb4 48. axb4 Nf5 49. Kd3 g5 50. b5 g4 51. b6 g3 52. Ne2 Kf7 53. Nf4 Nh4 54. Ke3 Nf5+ 55. Kd3 1/2-1/2

[Event "Solingen Karneval op"]
[Site "Solingen"]
[Date "2016.02.06"]
[Round "3"]
[White "Borchert, Stephan"]
[Black "Michalczak, Thomas"]
[Result "0-1"]
[WhiteElo "1956"]
[BlackElo "2248"]
[PlyCount "110"]
[EventDate "2016.02.05"]
[EventType "swiss"]
[EventRounds "5"]
[EventCountry "GER"]
[SourceTitle "EXT 2018"]
[Source "ChessBase"]
[SourceDate "2017.10.13"]
[SourceVersion "1"]
[SourceVersionDate "2017.10.13"]
[SourceQuality "1"]

1. e4 c5 2. Nf3 Nc6 3. c3 Nf6 4. e5 Nd5 5. d4 cxd4 6. cxd4 d6 7. Bc4 Nb6 8. Bb5 dxe5 9. Nxe5 Bd7 10. Nxd7 Qxd7 11. Nc3 Rd8 12. Be3 e6 13. Qg4 h5 14. Qf3 Nd5 15. 0-0 a6 16. Bxc6 Qxc6 17. Rac1 Be7 18. Ne4 Qa4 19. Nc3 Qa5 20. a3 Nxc3 21. Rxc3 Qd5 22. Qxd5 Rxd5 23. Rc7 Rd7 24. Rfc1 Bd8 25. Rc8 0-0 26. R1c5 h4 27. h3 Bf6 28. Kf1 Rxc8 29. Rxc8+ Kh7 30. Rb8 Kg6 31. Ke2 Kf5 32. Kf3 e5 33. dxe5 Bxe5 34. Rc8 Bxb2 35. Rc5+ Ke6 36. a4 f6 37. Ke4 g6 38. Rc8 Re7 39. Kd3 Rd7+ 40. Ke4 Re7 41. Kd3 g5 42. Kc4 Be5 43. Bb6 Kd7 44. Rc5 Bd6 45. Rd5 Kc6 46. Rxd6+ Kxd6 47. Bc5+ Kd7 48. Bxe7 Kxe7 49. Kc5 Kd7 50. Kb6 Kc8 51. g4 Kb8 52. a5 Kc8 53. f3 Kb8 54. Kc5 Kc7 55. Kd5 b6 0-1

[Event "Solingen Karneval op"]
[Site "Solingen"]
[Date "2016.02.06"]
[Round "2"]
[White "Terhuven, Patrick"]
[Black "Borchert, Stephan"]
[Result "0-1"]
[WhiteElo "2163"]
[BlackElo "1956"]
[PlyCount "52"]
[EventDate "2016.02.05"]
[EventType "swiss"]
[EventRounds "5"]
[EventCountry "GER"]
[SourceTitle "EXT 2018"]
[Source "ChessBase"]
[SourceDate "2017.10.13"]
[SourceVersion "1"]
[SourceVersionDate "2017.10.13"]
[SourceQuality "1"]

1. d4 Nf6 2. Nf3 e6 3. e3 b6 4. Bd3 Bb7 5. 0-0 d5 6. Nbd2 Be7 7. Ne5 c5 8. b3 Nc6 9. Bb2 cxd4 10. exd4 0-0 11. f4 Nb4 12. Be2 Ne4 13. Nxe4 dxe4 14. c4 f6 15. Ng4 Nc6 16. Ne3 e5 17. d5 Bc5 18. Qd2 f5 19. Kh1 exf4 20. Rxf4 Qg5 21. Raf1 Ne7 22. Qc3 Bd6 23. Nxf5 Bxf4 24. h4 Nxf5 25. hxg5 Ng3+ 26. Kh2 Nxe2+ 0-1

[Event "Solingen-ch"]
[Site "Solingen"]
[Date "2015.12.04"]
[Round "7"]
[White "Speck, Stefan"]
[Black "Borchert, Stephan"]
[Result "1/2-1/2"]
[WhiteElo "1995"]
[BlackElo "1850"]
[PlyCount "150"]
[EventDate "2015.09.04"]
[EventType "swiss"]
[EventRounds "7"]
[EventCountry "GER"]
[SourceTitle "EXT 2018"]
[Source "ChessBase"]
[SourceDate "2017.10.13"]
[SourceVersion "1"]
[SourceVersionDate "2017.10.13"]
[SourceQuality "1"]

1. e4 e5 2. Nf3 Nc6 3. Nc3 Nf6 4. d4 exd4 5. Nxd4 Bc5 6. Be3 Bb4 7. Nxc6 bxc6 8. Bd3 Qe7 9. 0-0 0-0 10. Bg5 Qe5 11. f4 Qd4+ 12. Kh1 Bxc3 13. bxc3 Qxc3 14. Rf3 Ng4 15. h3 f6 16. Bh4 Nh6 17. e5 f5 18. Bxf5 Qc5 19. Bxd7 Bxd7 20. Qxd7 Nf5 21. Bf2 Qxc2 22. Qd3 Qxd3 23. Rxd3 Ne7 24. Bc5 Rf7 25. Bxe7 Rxe7 26. Rc1 Rb8 27. Rxc6 Rb4 28. Ra3 Rxf4 29. Rxa7 Rxe5 30. Rcxc7 Rg5 31. Rc8+ Rf8 32. Rxf8+ Kxf8 33. Kg1 Rf5 34. a4 h5 35. Kh2 h4 36. a5 Rf1 37. Rb7 Ra1 38. Rb4 Rxa5 39. Rxh4 g6 40. Rh7 Kg8 41. Rc7 Rf5 42. Kg3 Ra5 43. Rd7 Rb5 44. Kf4 Rf5+ 45. Ke3 Re5+ 46. Kf4 Rf5+ 47. Ke4 Ra5 48. g4 Rb5 49. h4 Ra5 50. Kf4 g5+ 51. hxg5 Ra3 52. g6 Ra5 53. Rf7 Ra1 54. Kg5 Ra2 55. Rc7 Ra1 56. Rd7 Ra2 57. Re7 Ra1 58. g7 Ra6 59. Kh5 Rh6+ 60. Kg5 Rg6+ 61. Kf5 Ra6 62. g5 Rb6 63. Kg4 Rg6 64. Kh5 Rxg7 65. Re8+ Kf7 66. Rb8 Rh7+ 67. Kg4 Rh1 68. Rb7+ Kg6 69. Rb6+ Kg7 70. Kf5 Rf1+ 71. Ke6 Kg6 72. Rb5 Re1+ 73. Kd7 Rg1 74. Ke7 Rxg5 75. Rxg5+ Kxg5 1/2-1/2

[Event "GER MS-207 email"]
[Site "GER email"]
[Date "2014.11.24"]
[Round "?"]
[White "Baer, Lutz"]
[Black "Borchert, Stephan"]
[Result "1-0"]
[WhiteElo "2087"]
[BlackElo "1940"]
[PlyCount "79"]
[EventDate "2014.12.01"]
[EventType "tourn (corr)"]
[EventRounds "6"]
[EventCountry "GER"]
[SourceTitle "Corr 2020"]
[Source "ChessBase"]
[SourceDate "2019.09.30"]
[SourceVersion "1"]
[SourceVersionDate "2019.09.30"]
[SourceQuality "1"]

1. d4 d5 2. c4 c6 3. Nf3 Nf6 4. Nc3 dxc4 5. a4 Bf5 6. Ne5 Nbd7 7. Nxc4 Nb6 8. Ne5 a5 9. f3 Nfd7 10. Nxd7 Nxd7 11. e4 Bg6 12. Be3 Qb6 13. Qd2 e6 14. Bc4 Qb4 15. b3 Rd8 16. Na2 Qb6 17. Rd1 Qc7 18. Bf4 Qb6 19. Qf2 Be7 20. h4 Nf6 21. 0-0 0-0 22. Be3 Qc7 23. Nc1 h6 24. g4 h5 25. g5 Nd7 26. Ne2 Bd6 27. Qg2 Kh8 28. Kh1 Rde8 29. f4 b5 30. axb5 cxb5 31. Bd3 a4 32. Bd2 axb3 33. Nc3 Qb6 34. Nxb5 e5 35. Qh3 Rd8 36. f5 Bh7 37. d5 Nc5 38. Be3 Qa5 39. Bxc5 Bxc5 40. Bc4 1-0

[Event "GER MS-207 email"]
[Site "GER email"]
[Date "2014.11.24"]
[Round "?"]
[White "Borchert, Stephan"]
[Black "Wittenberg, Gerd"]
[Result "1/2-1/2"]
[WhiteElo "1940"]
[BlackElo "1968"]
[PlyCount "58"]
[EventDate "2014.12.01"]
[EventType "tourn (corr)"]
[EventRounds "6"]
[EventCountry "GER"]
[SourceTitle "Corr 2020"]
[Source "ChessBase"]
[SourceDate "2019.09.30"]
[SourceVersion "1"]
[SourceVersionDate "2019.09.30"]
[SourceQuality "1"]

1. e4 c5 2. Nf3 Nc6 3. Bb5 g6 4. 0-0 Bg7 5. c3 Nf6 6. Re1 0-0 7. h3 Qc7 8. Na3 a6 9. Bf1 d6 10. d4 cxd4 11. cxd4 d5 12. e5 Ne4 13. Bd3 Be6 14. Nc2 Rac8 15. Nd2 Bf5 16. Nf1 Qb6 17. Nfe3 Be6 18. Nxd5 Bxd5 19. Bxe4 Bxe4 20. Rxe4 Rfd8 21. Qe2 Nxd4 22. Nxd4 Rxd4 23. b3 Rxe4 24. Qxe4 Qc6 25. Qxc6 Rxc6 26. Bf4 Re6 27. Re1 f6 28. Rc1 fxe5 29. Be3 Rc6 1/2-1/2

[Event "GER MS-206 email"]
[Site "GER email"]
[Date "2014.11.17"]
[Round "?"]
[White "Roeckendorf, Paul Uwe"]
[Black "Borchert, Stephan"]
[Result "1/2-1/2"]
[WhiteElo "2057"]
[BlackElo "1920"]
[PlyCount "86"]
[EventDate "2014.11.24"]
[EventType "tourn (corr)"]
[EventRounds "6"]
[EventCountry "GER"]
[SourceTitle "Corr 2020"]
[Source "ChessBase"]
[SourceDate "2019.09.30"]
[SourceVersion "1"]
[SourceVersionDate "2019.09.30"]
[SourceQuality "1"]

1. e4 e6 2. d4 d5 3. Nc3 Bb4 4. e5 c5 5. a3 Bxc3+ 6. bxc3 Ne7 7. Qg4 Qc7 8. Qxg7 Rg8 9. Qxh7 cxd4 10. Ne2 Nbc6 11. f4 dxc3 12. Qd3 Bd7 13. Nxc3 a6 14. Ne2 Rc8 15. Bd2 Nf5 16. c3 Nce7 17. a4 b5 18. Qh3 d4 19. axb5 Bxb5 20. Nxd4 Nxd4 21. cxd4 Qc2 22. Bxb5+ axb5 23. Qf3 Qb2 24. Rd1 Qxd4 25. Rf1 b4 26. Rf2 Nd5 27. f5 Qg4 28. Qd3 Qc4 29. Qxc4 Rxc4 30. Ra1 Rgg4 31. Ra8+ Kd7 32. Ra6 Rc7 33. Kf1 Rd4 34. fxe6+ fxe6 35. Rf7+ Ke8 36. Rxc7 Nxc7 37. Ra2 Kf7 38. Be3 Rc4 39. Ke2 Nd5 40. Bd2 Rh4 41. h3 Kg6 42. Kd3 Kf5 43. Bc1 Kxe5 1/2-1/2

[Event "GER HS-167 email"]
[Site "GER email"]
[Date "2014.07.09"]
[Round "?"]
[White "Langheld, Werner"]
[Black "Borchert, Stephan"]
[Result "1/2-1/2"]
[WhiteElo "1962"]
[BlackElo "1940"]
[PlyCount "53"]
[EventDate "2014.07.21"]
[EventType "tourn (corr)"]
[EventRounds "6"]
[EventCountry "GER"]
[SourceTitle "Corr 2020"]
[Source "ChessBase"]
[SourceDate "2019.09.30"]
[SourceVersion "1"]
[SourceVersionDate "2019.09.30"]
[SourceQuality "1"]

1. f4 c5 2. e4 d5 3. exd5 Nf6 4. Bb5+ Bd7 5. Bxd7+ Qxd7 6. c4 e6 7. Nf3 exd5 8. Ne5 Qf5 9. 0-0 Bd6 10. Nc3 0-0 11. g4 Qe6 12. g5 Bxe5 13. fxe5 Qg4+ 14. Qxg4 Nxg4 15. Nxd5 Nc6 16. b3 Rae8 17. Ba3 b6 18. Rae1 Ncxe5 19. Kg2 Nd3 20. Re7 Nge5 21. Rc7 Re6 22. Rxa7 h6 23. h4 Rd8 24. gxh6 Rxh6 25. Rf5 Re6 26. Kh3 Kh7 27. Rh5+ 1/2-1/2

[Event "GER HS-166 email"]
[Site "GER email"]
[Date "2014.06.28"]
[Round "?"]
[White "Borchert, Stephan"]
[Black "Langheld, Werner"]
[Result "1-0"]
[WhiteElo "1920"]
[BlackElo "2022"]
[PlyCount "73"]
[EventDate "2014.07.07"]
[EventType "tourn (corr)"]
[EventRounds "6"]
[EventCountry "GER"]
[SourceTitle "Corr 2020"]
[Source "ChessBase"]
[SourceDate "2019.09.30"]
[SourceVersion "1"]
[SourceVersionDate "2019.09.30"]
[SourceQuality "1"]

1. e4 c5 2. Nf3 d6 3. Nc3 Nc6 4. d4 cxd4 5. Nxd4 e5 6. Nf5 Bxf5 7. exf5 Qd7 8. Bc4 Qxf5 9. Be3 Nf6 10. Qe2 Be7 11. 0-0-0 a6 12. Rhg1 h5 13. f3 b5 14. g4 hxg4 15. fxg4 Qd7 16. Bd3 b4 17. Bf5 Qb7 18. Ne4 d5 19. Nxf6+ gxf6 20. h4 d4 21. Bf2 a5 22. g5 a4 23. gxf6 Bxf6 24. Be4 0-0-0 25. Bg3 Rd6 26. Rgf1 Rh6 27. Rf3 a3 28. bxa3 Kd8 29. Rb3 Qe7 30. Qb5 Qc7 31. Be1 Ke7 32. Qc4 Kd8 33. axb4 Nb8 34. Qxc7+ Kxc7 35. b5 Kc8 36. c4 Bxh4 37. c5 1-0